| 000 | 00532nam a2200193Ia 4500 | ||
|---|---|---|---|
| 003 | OSt | ||
| 005 | 20230530160404.0 | ||
| 008 | 210423s2003 xx 000 0 und d | ||
| 040 | _cAL | ||
| 041 | _aeng | ||
| 082 |
_a362.6 GOWE _223 |
||
| 100 |
_aGOWRI (R Geetha);others. _9117317 |
||
| 245 | _aElderly women: a study of the unorganised sector. | ||
| 260 |
_aNew Delhi _bDiscovery Publishing House _c2003 |
||
| 365 |
_b350 _cINR |
||
| 440 | _v1 | ||
| 906 | _aElderly ; sector. ; study ; unorganised ; women: | ||
| 942 |
_2ddc _cBK |
||
| 999 |
_c173656 _d173656 |
||